000 01366cam a22003617a 4500
003 CHAP
005 20220329142724.0
008 030228d2002 mx ad r 00110 spa d
010 _a86856
011 _a87828
035 _a98372
040 _cCHAP
090 _aTesis
100 0 0 _aLópez Hernández, Alejandro.
_967959
245 1 0 _aEstudio del rendimiento y composición de la leche y su relación con la actividad reproductiva postparto en vacas lecheras
_c/por Alejandro López Hernández
260 _aChapingo, Méx. :
_bEl autor,
_c2002
300 _a65 h. :
_bilus. ; gráfs. ; cuadros
502 _aTesis ( Ing. Agr. Esp. en Zootecnia) -- UACH. Departamento de Zootecnia
590 _aALEPH
_b10
_c20130110
_lUCH01
_h1451
590 _aBATCH-UPD
_b10
_c20130110
_lUCH01
_h0611
590 _aBATCH-UPD
_b10
_c20130410
_lUCH01
_h0253
590 _aBATCH-UPD
_b10
_c20130914
_lUCH01
_h1517
590 _aCONVERSION
_b10
_c20130109
_lUCH01
_h1348
650 1 4 _aGanado lechero
_xGenética.
_945267
650 1 4 _aGanado lechero
_xReproducción.
_945294
650 1 4 _aLeche
_xComposición.
_965363
650 1 4 _aLeche
_xProducción.
_965400
901 _aBK
905 _aMarco A. Mendoza T.
942 _cFOLL
949 _aTesis
_bBC
_cTES
_d33724000887022
_eTS2
_fc.2
_gDonaciØn
_h40628
_i98372
_si
949 _aTesis
_bBC
_cTES
_d983721
_eTS1
_gDonaciØn
_h40627
_i98372
_sb
999 _c86856
_d86856